1284 1750 1180 1152 1441 1613 1988 1976 1400 1744 1152 1342 1065 1191 1626 1642 1741 1580 1050 1310 1297 1579 1199 1473 1527 1444 1351 1397 1814 1449 1207 1349 1482 1870 1661 1024 1101 1242 1157 1901 1932 1364 1130 1699 1350 1383 1239 1505 1662 1254 1554 1281 1883 1957 1238 1725 1202 1452 1850 1276 1299 1758 1392 1259 1638 1378 1793 1849 1183 1716 1663 1592 1529 1196 1195 1579 1131 1033 1600 1579 1807 1430 1616 1274 1083 1220 1430 1611 1856 1337 1279 1545 1253 1935 1872 1090 1470 1277 1799 BCNSPRNW ULIB Ver.6.0+V

เปลี่ยนเป็นภาษาไทย

Change to English
 แสดงรายละเอียดบรรณานุกรม
  กลับหน้าหลัก

Brief Record : Get Marc (ISO 2709) : E-mail record : QR code < ปิดหน้าต่าง
LEADER : 00000nam 2200000uu 4500
001    13399121105
003     ULIB
008    020711s2546 th a 000 0 tha d
050    LB^b698ก
100    อำภา กันทะเป็ง
245    การจัดกิจกรรมเพื่อพัฒนานักศึกษา/^cอำภา กันทะเป็ง
250    พิมพ์ครั้งที่ 1
260    นครสวรรค์ :^bวิทยาลัยพยาบาลบรมราชชนนี,^c2546
300    138 หน้า
650    การพัฒนานักศึกษา
945    ^p0^l0^i12337
945    ^p0^l0^i12341
945    ^p0^l0^i12340
945    ^p0^l0^i12338
999    ^aทศพร เกษรทอง
รายการนี้ยังไม่มีแท็ก
คุณยังไม่ได้ล็อกอิน คุณสามารถมีกิจกรรมร่วมกับเว็บไซต์ได้ แต่ต้องล็อกอินก่อน ::
  ล็อกอิน

รายการสื่อสารสนเทศ

ลำดับที่ ประเภท เลขเรียก/บาร์โค้ด สถานที่ สถานะ
1. วิทยาศาสตร์การแพทย์ และสุขภาพ
วิทยาศาสตร์การแพทย์ และสุขภาพ
LB 698ก  
  Barcode: 12337
ห้องสมุดวิทยาเขตสวรรค์ประชารักษ์
►หนังสือทั่วไป
บนชั้น
2. วิทยาศาสตร์การแพทย์ และสุขภาพ
วิทยาศาสตร์การแพทย์ และสุขภาพ
LB 698ก ฉ.2 
  Barcode: 12341
ห้องสมุดวิทยาเขตสวรรค์ประชารักษ์
►หนังสือทั่วไป
บนชั้น
3. วิทยาศาสตร์การแพทย์ และสุขภาพ
วิทยาศาสตร์การแพทย์ และสุขภาพ
LB 698ก ฉ.3 
  Barcode: 12340
ห้องสมุดวิทยาเขตสวรรค์ประชารักษ์
►หนังสือทั่วไป
บนชั้น
4. วิทยาศาสตร์การแพทย์ และสุขภาพ
วิทยาศาสตร์การแพทย์ และสุขภาพ
LB 698ก ฉ.4 
  Barcode: 12338
ห้องสมุดวิทยาเขตสวรรค์ประชารักษ์
►หนังสือทั่วไป
บนชั้น

รายการใกล้เคียง
    ผู้แต่ง [อำภา กันทะเป็ง]

BibComment


ยังไม่เคยถูกคอมเมนท์

คอมเมนท์ทรัพยากรรายการนี้
  คอมเมนท์: การจัดกิจกรรมเพื่..


 Copyright 2026. Bcnsprnw @Library